00764nam a2200193Ia 4500003000400000005001700004008004100021040001800062041000800080082001500088100004900103245016100152260002200313600003600335650003600371942001300407999001900420952013100439OSt20260328110412.0211028s2010 xx 000 0 und d cAIMIT LIBRARY aeng a658.3 PEDM aPendnekar, Mahesh;Dhananjay K.g81602496445 aAnalyzing the market potential for job certification and training programs in Dakshina Kannada and Udupi Districts, offered by knowledge varsity Bangalore / bDhananjay Kc2010 aHuman Resource Management96446 aHuman Resource Management96447 2ddccPRO c218240d218240 00102ddc40718PR_MBAaAIMITbAIMITd2021-10-28eMBAl0o658.3 PEDMpPRB00315r2021-10-28 00:00:00t0816024w2021-10-28yPRO